Il posto dell'amore negato : sessualità e psicopatologie segrete /

Guardat en:
Dades bibliogràfiques
Autors principals: Boccadoro, Leonardo (Autor), Carulli, Sabina (Autor)
Format: Llibre
Idioma:italià
Publicat: Ancona : Tecnoprint, stampa 2009
Matèries:
Etiquetes: Afegir etiqueta
Sense etiquetes, Sigues el primer a etiquetar aquest registre!

MARC

LEADER 00000nam a2200000 i 4500
001 IT\ICCU\ANA\0293086
003 ItRI
005 20241223132220.0
008 090326s2009 it |||||| ||||| |||||c
015 |2 IT  |a 2009-200 
020 |a 9788895554037 
040 |b ita  |c ARCIGAY RIMINI 
041 7 |a ita  |2 ISO-639-2 
100 1 |a Boccadoro, Leonardo  |0 IT\ICCU\CFIV\157396  |4 aut 
245 1 3 |a Il posto dell'amore negato :  |b sessualità e psicopatologie segrete /  |c Leonardo Boccadoro, Sabina Carulli. 
260 |a Ancona :  |b Tecnoprint,  |c stampa 2009 
300 |a 247 p. ;  |c 20 cm 
650 7 |a Detenuti  |x Comportamento sessuale  |2 nsbncf 
700 1 |a Carulli, Sabina  |0 IT\ICCU\ANAV\141670  |4 aut 
942 |2 ddc  |c BK 
952 |0 0  |1 0  |2 ddc  |4 0  |6 302_000000000000000_BOC_POS  |7 1  |9 2253  |a RN  |b RN  |d 2024-12-23  |l 0  |o 302 BOC POS  |p 9706  |r 2024-12-23 13:23:01  |w 2024-12-23  |y BK 
981 1 |6 z01  |a i   |b xxxe  
982 1 |6 z01  |a n 
999 |c 1978  |d 1978